[Event "Balkan Youth Online-ch 2020"]
[Site "Online"]
[Date "2020.10.31"]
[Round "1.68"]
[White "Vaupot, Eliza"]
[Black "Pirvan, Maria"]
[Result "0-1"]
[WhiteElo "1198"]
[BlackElo "1484"]
[Annotator "NA RC"]
[PlyCount "114"]
[EventDate "2020.10.31"]
[EventType "swiss"]
[SourceTitle "playchess.com"]
[Source "ChessBase"]
[SourceQuality "1"]
[TimeControl "5400+30"]

1. e4 {[%emt 1:05:20]} c5 {[%emt 1:05:24]} 2. Nc3 {[%emt 0:00:27]} e6 {[%emt 0:00:52]} 3. f4 {[%emt 0:00:25]} d5 {[%emt 0:00:27]} 4. d3 {[%emt 0:00:51]} Nc6 {[%emt 0:01:22]} 5. Nf3 {[%emt 0:00:57]} Nf6 {[%emt 0:00:55]} 6. g3 {[%emt 0:01:06]} Be7 {[%emt 0:02:49]} 7. Bg2 {[%emt 0:00:55]} O-O {[%emt 0:03:26]} 8. O-O {[%emt 0:01:15]} Qb6 {[%emt 0:01:10]} 9. Kh1 {[%emt 0:04:03]} Rd8 {[%emt 0:00:39]} 10. e5 {[%emt 0:02:39]} Nd7 {[%emt 0:01:02]} 11. Qe2 {[%emt 0:02:08]} f6 {[%emt 0:01:57]} 12. Bh3 {[%emt 0:03:45]} Nf8 {[%emt 0:02:08]} 13. b3 {[%emt 0:07:43]} f5 {[%emt 0:03:39]} 14. Rg1 {[%emt 0:02:06]} Ng6 {[%emt 0:03:51]} 15. g4 {[%emt 0:01:02]} Kh8 {[%emt 0:01:45]} 16. gxf5 {[%emt 0:01:04]} exf5 {[%emt 0:00:29]} 17. Ng5 {[%emt 0:00:51]} Bxg5 {[%emt 0:01:57]} 18. Rxg5 {[%emt 0:00:24]} Nce7 {[%emt 0:01:02]} 19. Qh5 {[%emt 0:00:37]} Rf8 {[%emt 0:01:56]} 20. Nd1 {[%emt 0:00:59]} d4 {[%emt 0:00:59]} 21. Nf2 {[%emt 0:00:56]} Kg8 {[%emt 0:01:25]} 22. Ba3 {[%emt 0:00:34]} h6 {[%emt 0:01:17]} 23. Rg3 {[%emt 0:00:24]} Kh7 {[%emt 0:00:25]} 24. Bc1 {[%emt 0:00:36]} Qc6+ {[%emt 0:00:36]} 25. Bg2 {[%emt 0:00:23]} Qe6 {[%emt 0:00:25]} 26. Bh3 {[%emt 0:00:32]} Qf7 {[%emt 0:00:38]} 27. Bd2 {[%emt 0:00:24]} Be6 {[%emt 0:00:33]} 28. Re1 {[%emt 0:00:26]} Bd5+ {[%emt 0:00:23]} 29. Kg1 {[%emt 0:00:23]} Be6 {[%emt 0:00:36]} 30. Kh1 {[%emt 0:00:34]} Rad8 {[%emt 0:00:31]} 31. Reg1 {[%emt 0:00:26]} Bd5+ {[%emt 0:00:22]} 32. Bg2 {[%emt 0:00:24]} Bxg2+ {[%emt 0:00:30]} 33. R1xg2 {[%emt 0:00:23]} Rc8 {[%emt 0:00:29]} 34. Nh3 {[%emt 0:00:38]} Kg8 {[%emt 0:00:42]} 35. a4 {[%emt 0:00:48]} Rc6 {[%emt 0:00:25]} 36. Re2 {[%emt 0:00:45]} Re6 {[%emt 0:00:33]} 37. Re1 {[%emt 0:00:42]} b6 {[%emt 0:00:31]} 38. Re2 {[%emt 0:00:27]} Nh8 {[%emt 0:00:32]} 39. Qxf7+ {[%emt 0:00:23]} Rxf7 {[%emt 0:00:29]} 40. Reg2 {[%emt 0:00:35]} Nhg6 {[%emt 0:00:26]} 41. Nf2 {[%emt 0:00:35]} Kh7 {[%emt 0:00:34]} 42. Kg1 {[%emt 0:00:48]} Nd5 {[%emt 0:00:26]} 43. Nh3 {[%emt 0:00:32]} Nh4 {[%emt 0:00:35]} 44. Rf2 {[%emt 0:00:29]} a6 {[%emt 0:00:30]} 45. Kf1 {[%emt 0:00:32]} b5 {[%emt 0:00:25]} 46. axb5 {[%emt 0:00:22]} axb5 {[%emt 0:00:21]} 47. Ke2 {[%emt 0:00:26]} b4 {[%emt 0:00:41]} 48. Rg1 {[%emt 0:00:23]} Ra7 {[%emt 0:00:29]} 49. Rff1 {[%emt 0:00:37]} Rea6 {[%emt 0:00:33]} 50. Rc1 {[%emt 0:00:35]} Ra2 {[%emt 0:00:24]} 51. Nf2 {[%emt 0:00:36]} Nc3+ {[%emt 0:00:35]} 52. Bxc3 {[%emt 0:00:24]} bxc3 {[%emt 0:00:24]} 53. h3 {[%emt 0:00:38]} Ng6 {[%emt 0:00:35]} 54. Kd1 {[%emt 0:00:31]} Nxf4 {[%emt 0:00:24]} 55. Rg3 {[%emt 0:00:27]} Ra1 {[%emt 0:00:29]} 56. Rf3 {[%emt 0:00:28]} Rxc1+ {[%emt 0:00:23]} 57. Kxc1 {[%emt 0:00:23]} Ra1# {[%emt 0:00:22]} 0-1

[Event "Balkan Youth Online-ch 2020"]
[Site "Online"]
[Date "2020.10.31"]
[Round "1.71"]
[White "Zhezhovska, Monika"]
[Black "Omeri, Eklea"]
[Result "1/2-1/2"]
[WhiteElo "1108"]
[BlackElo "1070"]
[Annotator "NA RC"]
[PlyCount "70"]
[EventDate "2020.10.31"]
[EventType "swiss"]
[SourceTitle "playchess.com"]
[Source "ChessBase"]
[SourceQuality "1"]
[TimeControl "5400+30"]

1. d4 {[%emt 1:05:20]} d5 {[%emt 1:05:24]} 2. c4 {[%emt 0:00:24]} e6 {[%emt 0:00:26]} 3. Nc3 {[%emt 0:00:23]} Nf6 {[%emt 0:00:23]} 4. Bg5 {[%emt 0:00:23]} Bb4 {[%emt 0:00:39]} 5. e3 {[%emt 0:00:35]} h6 {[%emt 0:00:29]} 6. Bh4 {[%emt 0:00:22]} O-O {[%emt 0:00:32]} 7. cxd5 {[%emt 0:00:24]} exd5 {[%emt 0:00:32]} 8. Nf3 {[%emt 0:00:25]} Bg4 {[%emt 0:00:24]} 9. Be2 {[%emt 0:00:24]} Bxf3 {[%emt 0:00:36]} 10. Bxf3 {[%emt 0:00:24]} c6 {[%emt 0:00:24]} 11. O-O {[%emt 0:00:23]} Nbd7 {[%emt 0:00:34]} 12. Qb3 {[%emt 0:00:25]} Bxc3 {[%emt 0:00:29]} 13. bxc3 {[%emt 0:00:22]} b5 {[%emt 0:01:27]} 14. a4 {[%emt 0:00:26]} a6 {[%emt 0:00:30]} 15. axb5 {[%emt 0:00:46]} axb5 {[%emt 0:00:27]} 16. Be2 {[%emt 0:01:23]} Qb6 {[%emt 0:01:29]} 17. Bxf6 {[%emt 0:00:47]} Nxf6 {[%emt 0:00:23]} 18. c4 {[%emt 0:00:23]} dxc4 {[%emt 0:01:13]} 19. Bxc4 {[%emt 0:00:22]} Qc7 {[%emt 0:01:55]} 20. Bd3 {[%emt 0:00:32]} Ng4 {[%emt 0:00:55]} 21. g3 {[%emt 0:00:34]} Qd6 {[%emt 0:02:15]} 22. Rxa8 {[%emt 0:00:29]} Rxa8 {[%emt 0:00:26]} 23. h3 {[%emt 0:00:37]} Nf6 {[%emt 0:00:29]} 24. Rc1 {[%emt 0:00:57]} Nd5 {[%emt 0:04:00]} 25. Rc5 {[%emt 0:00:51]} Nxe3 {[%emt 0:01:24]} 26. fxe3 {[%emt 0:00:52]} Qxg3+ {[%emt 0:00:26]} 27. Kf1 {[%emt 0:00:25]} Ra1+ {[%emt 0:00:22]} 28. Bb1 {[%emt 0:00:29]} Qxh3+ {[%emt 0:00:39]} 29. Ke2 {[%emt 0:00:25]} Qg2+ {[%emt 0:00:26]} 30. Kd1 {[%emt 0:00:30]} Qf1+ {[%emt 0:00:26]} 31. Kc2 {[%emt 0:00:36]} Qe2+ {[%emt 0:00:31]} 32. Kc1 {[%emt 0:00:25]} Qe1+ {[%emt 0:01:34]} 33. Kc2 {[%emt 0:00:24]} Qe2+ {[%emt 0:00:24]} 34. Kc1 {[%emt 0:00:23]} Qe1+ {[%emt 0:00:22]} 35. Kc2 {[%emt 0:00:23]} Qe2+ {[%emt 0:00:22]} 1/2-1/2

[Event "Balkan Youth Online-ch 2020"]
[Site "Online"]
[Date "2020.10.31"]
[Round "1.73"]
[White "Chicarosie, Ioana-Bianca"]
[Black "Mihelic, Vesna"]
[Result "0-1"]
[WhiteElo "1521"]
[BlackElo "1872"]
[Annotator "NA RC"]
[PlyCount "66"]
[EventDate "2020.10.31"]
[EventType "swiss"]
[SourceTitle "playchess.com"]
[Source "ChessBase"]
[SourceQuality "1"]
[TimeControl "5400+30"]

1. d4 {[%emt 1:05:20]} d5 {[%emt 1:05:23]} 2. Nf3 {[%emt 0:00:23]} Nf6 {[%emt 0:00:25]} 3. e3 {[%emt 0:00:23]} e6 {[%emt 0:00:23]} 4. Bd3 {[%emt 0:00:25]} c5 {[%emt 0:00:24]} 5. c3 {[%emt 0:00:23]} Nc6 {[%emt 0:00:24]} 6. Nbd2 {[%emt 0:00:25]} Be7 {[%emt 0:00:29]} 7. O-O {[%emt 0:00:22]} O-O {[%emt 0:00:23]} 8. dxc5 {[%emt 0:00:53]} Bxc5 {[%emt 0:00:25]} 9. e4 {[%emt 0:00:23]} e5 {[%emt 0:01:13]} 10. Qc2 {[%emt 0:01:12] D05: Colle System with ...e6.} h6 {[%emt 0:00:42]} 11. exd5 {[%emt 0:01:54]} Nxd5 {[%emt 0:00:38] [#]} 12. b4 $146 {[%emt 0:01:28]} ({Predecessor:} 12. Nb3 Bd6 13. Rd1 Nf6 14. Nbd2 Bb8 15. Ne4 Nxe4 16. Bxe4 Qe7 17. Bf5 Bc7 18. Qe4 {1-0 (49) Piket,M (2350)-Bertholee,R (2355) Netherlands 1996}) 12... Bxb4 {[%emt 0:02:48]} 13. cxb4 {[%emt 0:01:14]} Ndxb4 {[%emt 0:00:25]} 14. Bh7+ {[%emt 0:00:31]} Kh8 {[%emt 0:00:23]} 15. Qb1 {[%emt 0:00:48]} f5 {[%emt 0:00:43]} 16. Bg6 {[%emt 0:00:39]} Qf6 {[%emt 0:01:38]} 17. Ba3 {[%emt 0:01:06]} a5 {[%emt 0:00:45]} 18. Nc4 {[%emt 0:00:55]} e4 {[%emt 0:02:39]} 19. Nfe5 {[%emt 0:02:07]} Nxe5 {[%emt 0:00:39]} 20. Nxe5 {[%emt 0:00:28]} Qxe5 {[%emt 0:00:51]} 21. Bxb4 {[%emt 0:00:35]} axb4 {[%emt 0:00:31]} 22. Qxb4 {[%emt 0:00:25]} Rf6 {[%emt 0:00:53]} 23. Bh5 {[%emt 0:00:35]} f4 {[%emt 0:00:49]} 24. Be2 {[%emt 0:00:50]} f3 {[%emt 0:00:49]} 25. Bc4 {[%emt 0:01:08]} Bh3 {[%emt 0:03:43]} 26. g3 {[%emt 0:02:35]} Bxf1 {[%emt 0:00:38]} 27. Rxf1 {[%emt 0:00:26]} b6 {[%emt 0:01:38]} 28. Rd1 {[%emt 0:00:47]} e3 {[%emt 0:00:50]} 29. Qe1 {[%emt 0:02:08]} e2 {[%emt 0:01:28]} 30. Rd5 {[%emt 0:00:35]} Qe6 {[%emt 0:01:41]} 31. Kh1 {[%emt 0:01:26] [#]} Qh3 $1 {[%emt 0:00:35]} 32. Qg1 {[%emt 0:00:38]} e1=Q {[%emt 0:00:31]} 33. Bf1 {[%emt 0:00:52]} Qhxf1 {[%emt 0:00:40]} 0-1

[Event "Balkan Youth Online-ch 2020"]
[Site "Online"]
[Date "2020.10.31"]
[Round "1.74"]
[White "Puia, Alexia-Teodora"]
[Black "Tsakona, Maria"]
[Result "0-1"]
[WhiteElo "1697"]
[BlackElo "1596"]
[Annotator "NA RC"]
[PlyCount "46"]
[EventDate "2020.10.31"]
[EventType "swiss"]
[SourceTitle "playchess.com"]
[Source "ChessBase"]
[SourceQuality "1"]
[TimeControl "5400+30"]

1. d4 {[%emt 1:05:20]} Nf6 {[%emt 1:05:23]} 2. Bf4 {[%emt 0:00:29]} e6 {[%emt 0:00:23]} 3. e3 {[%emt 0:00:22]} c5 {[%emt 0:00:32]} 4. c3 {[%emt 0:00:23]} d5 {[%emt 0:00:25]} 5. Bd3 {[%emt 0:00:22]} Bd6 {[%emt 0:00:24]} 6. Bg3 {[%emt 0:00:22]} Qc7 {[%emt 0:00:25]} 7. Nf3 {[%emt 0:00:42]} Nbd7 {[%emt 0:00:29]} 8. Nbd2 {[%emt 0:00:55]} O-O {[%emt 0:00:30]} 9. O-O {[%emt 0:01:14]} Bxg3 {[%emt 0:00:35]} 10. hxg3 {[%emt 0:00:23]} e5 {[%emt 0:00:22]} 11. e4 {[%emt 0:00:59]} dxe4 {[%emt 0:04:48]} 12. Nxe4 {[%emt 0:00:26]} Nxe4 {[%emt 0:00:23]} 13. Bxe4 {[%emt 0:00:23]} Nf6 {[%emt 0:00:21]} 14. Bb1 {[%emt 0:01:49]} e4 {[%emt 0:00:55]} 15. Ne5 {[%emt 0:00:53]} Rd8 {[%emt 0:01:04]} 16. Re1 {[%emt 0:01:05]} cxd4 {[%emt 0:01:31]} 17. cxd4 {[%emt 0:00:25]} Qb6 {[%emt 0:01:31]} 18. Bxe4 {[%emt 0:02:02]} Rxd4 {[%emt 0:00:43]} 19. Qc2 {[%emt 0:02:38]} Nxe4 {[%emt 0:01:50]} 20. Rxe4 {[%emt 0:00:25]} Bf5 {[%emt 0:00:31]} 21. Rae1 {[%emt 0:01:57]} Rad8 {[%emt 0:01:23]} 22. Nc6 {[%emt 0:05:33]} Rxe4 {[%emt 0:01:49]} 23. Rxe4 {[%emt 0:03:13]} bxc6 {[%emt 0:00:40]} 0-1

[Event "Balkan Youth Online-ch 2020"]
[Site "Online"]
[Date "2020.10.31"]
[Round "1.77"]
[White "Zrmanovska, Mihaela"]
[Black "Kipik, Feyza"]
[Result "0-1"]
[WhiteElo "1300"]
[BlackElo "1592"]
[Annotator "NA RC"]
[PlyCount "70"]
[EventDate "2020.10.31"]
[EventType "swiss"]
[SourceTitle "playchess.com"]
[Source "ChessBase"]
[SourceQuality "1"]
[TimeControl "5400+30"]

1. e4 {[%emt 1:05:20]} c5 {[%emt 1:05:26]} 2. Nf3 {[%emt 0:00:24]} d6 {[%emt 0:00:24]} 3. d4 {[%emt 0:00:24]} cxd4 {[%emt 0:00:26]} 4. Nxd4 {[%emt 0:00:23]} Nf6 {[%emt 0:00:25]} 5. Nc3 {[%emt 0:00:30]} g6 {[%emt 0:00:26]} 6. Be3 {[%emt 0:00:30]} Bg7 {[%emt 0:00:28]} 7. f3 {[%emt 0:00:39]} a6 {[%emt 0:00:45]} 8. Qd2 {[%emt 0:00:31]} h5 {[%emt 0:00:30]} 9. O-O-O {[%emt 0:02:07]} b5 {[%emt 0:00:45]} 10. Be2 {[%emt 0:02:22]} Bb7 {[%emt 0:00:48]} 11. h3 {[%emt 0:02:06]} Nbd7 {[%emt 0:04:14]} 12. g4 {[%emt 0:02:15]} Ne5 {[%emt 0:03:22]} 13. g5 {[%emt 0:06:29]} Nfd7 {[%emt 0:00:36]} 14. f4 {[%emt 0:00:43]} Nc4 {[%emt 0:01:49]} 15. Bxc4 {[%emt 0:01:24]} bxc4 {[%emt 0:00:23]} 16. Rhf1 {[%emt 0:04:42]} Nc5 {[%emt 0:02:10]} 17. Qe2 {[%emt 0:05:26]} Qa5 {[%emt 0:07:37]} 18. Qxc4 {[%emt 0:02:02]} Rc8 {[%emt 0:01:35]} 19. Qe2 {[%emt 0:00:45]} Nxe4 {[%emt 0:01:12]} 20. Nxe4 {[%emt 0:00:35]} Bxe4 {[%emt 0:00:24]} 21. Kb1 {[%emt 0:00:31]} Bxd4 {[%emt 0:04:09]} 22. Bxd4 {[%emt 0:00:33]} Bxc2+ {[%emt 0:00:25]} 23. Qxc2 {[%emt 0:00:32]} Rxc2 {[%emt 0:00:25]} 24. Kxc2 {[%emt 0:00:27]} O-O {[%emt 0:00:27]} 25. Kb1 {[%emt 0:00:30]} Qf5+ {[%emt 0:00:36]} 26. Ka1 {[%emt 0:00:28]} Qxh3 {[%emt 0:00:28]} 27. Rfe1 {[%emt 0:00:35]} Re8 {[%emt 0:01:09]} 28. Bf6 {[%emt 0:00:27]} Qd7 {[%emt 0:00:37]} 29. Re2 {[%emt 0:00:34]} exf6 {[%emt 0:00:31]} 30. Rg2 {[%emt 0:00:32]} f5 {[%emt 0:00:36]} 31. Rgd2 {[%emt 0:00:28]} Re6 {[%emt 0:00:49]} 32. Rd3 {[%emt 0:00:26]} Kg7 {[%emt 0:00:45]} 33. Ra3 {[%emt 0:00:29]} Qb5 {[%emt 0:00:47]} 34. Rb3 {[%emt 0:00:27]} Qc4 {[%emt 0:00:33]} 35. Rf3 {[%emt 0:00:39]} d5 {[%emt 0:00:34]} 0-1

[Event "Balkan Youth Online-ch 2020"]
[Site "Online"]
[Date "2020.10.31"]
[Round "1.78"]
[White "Shuqja, Klean"]
[Black "Mitkova, Victoria-Elizabeth"]
[Result "1-0"]
[WhiteElo "1838"]
[BlackElo "1105"]
[Annotator "NA RC"]
[PlyCount "57"]
[EventDate "2020.10.31"]
[EventType "swiss"]
[SourceTitle "playchess.com"]
[Source "ChessBase"]
[SourceQuality "1"]
[TimeControl "5400+30"]

1. b3 {[%emt 1:05:20]} d5 {[%emt 1:05:28]} 2. Bb2 {[%emt 0:00:25]} c5 {[%emt 0:00:31]} 3. e3 {[%emt 0:00:26]} a6 {[%emt 0:00:27]} 4. f4 {[%emt 0:00:38]} Nc6 {[%emt 0:00:29]} 5. Nf3 {[%emt 0:00:23]} Nf6 {[%emt 0:00:34]} 6. Be2 {[%emt 0:00:35]} e6 {[%emt 0:00:47]} 7. Ne5 {[%emt 0:00:42]} Nxe5 {[%emt 0:00:55]} 8. Bxe5 {[%emt 0:00:26]} Be7 {[%emt 0:00:28]} 9. O-O {[%emt 0:00:26]} O-O {[%emt 0:00:32]} 10. d3 {[%emt 0:00:57]} Bd7 {[%emt 0:00:47]} 11. Nd2 {[%emt 0:00:36]} b5 {[%emt 0:00:47]} 12. Bf3 {[%emt 0:01:45]} Rc8 {[%emt 0:01:04]} 13. c4 {[%emt 0:00:53]} dxc4 {[%emt 0:01:07]} 14. dxc4 {[%emt 0:00:33]} Bc6 $14 {[%emt 0:00:54]} 15. Bxc6 {[%emt 0:02:23]} Rxc6 {[%emt 0:00:34]} 16. Qf3 {[%emt 0:00:58]} Rc8 {[%emt 0:00:48]} 17. Rfd1 {[%emt 0:00:42]} Qb6 {[%emt 0:01:04]} 18. Rac1 {[%emt 0:02:16]} b4 {[%emt 0:00:48]} 19. Ne4 {[%emt 0:01:47]} Nxe4 {[%emt 0:00:58]} 20. Qxe4 {[%emt 0:00:23]} a5 {[%emt 0:01:17]} 21. Rd7 {[%emt 0:01:00]} Rfe8 {[%emt 0:00:56]} 22. Rcd1 {[%emt 0:00:54]} f6 {[%emt 0:02:20]} 23. Bd6 {[%emt 0:04:46]} Bxd6 {[%emt 0:01:08]} 24. R1xd6 {[%emt 0:00:34]} Qb8 {[%emt 0:00:42]} 25. Rxg7+ {[%emt 0:02:45]} Kxg7 {[%emt 0:01:04]} 26. Rd7+ {[%emt 0:00:26]} Kf8 {[%emt 0:00:29]} 27. Qxh7 {[%emt 0:00:25]} Re7 {[%emt 0:01:03]} 28. Qxe7+ {[%emt 0:00:25]} Kg8 {[%emt 0:00:32]} 29. Qg7# {[%emt 0:00:22]} 1-0

[Event "Balkan Youth Online-ch 2020"]
[Site "Online"]
[Date "2020.10.31"]
[Round "1.79"]
[White "Paroglou, Marianna"]
[Black "Mandic, Anastasija"]
[Result "1-0"]
[WhiteElo "1436"]
[BlackElo "1130"]
[Annotator "NA RC"]
[PlyCount "61"]
[EventDate "2020.10.31"]
[EventType "swiss"]
[SourceTitle "playchess.com"]
[Source "ChessBase"]
[SourceQuality "1"]
[TimeControl "5400+30"]

1. e4 {[%emt 1:05:20]} e5 {[%emt 1:05:23]} 2. Nf3 {[%emt 0:00:25]} Nc6 {[%emt 0:00:23]} 3. Bc4 {[%emt 0:00:22]} Bc5 {[%emt 0:00:22]} 4. c3 {[%emt 0:00:47]} Nf6 {[%emt 0:00:23]} 5. d3 {[%emt 0:00:23]} d6 {[%emt 0:00:55]} 6. O-O {[%emt 0:00:40]} h6 {[%emt 0:00:34]} 7. Nbd2 {[%emt 0:00:27]} O-O {[%emt 0:00:26]} 8. Re1 {[%emt 0:00:25]} Bg4 {[%emt 0:00:31]} 9. Nf1 {[%emt 0:01:29]} Re8 {[%emt 0:01:25]} 10. h3 {[%emt 0:02:16]} Bh5 {[%emt 0:00:38]} 11. Ng3 {[%emt 0:01:02]} Bg6 {[%emt 0:01:34]} 12. Nh4 {[%emt 0:00:39]} Bh7 {[%emt 0:01:45]} 13. Nhf5 {[%emt 0:01:05]} Ne7 {[%emt 0:01:57]} 14. Qf3 {[%emt 0:04:05]} Qd7 {[%emt 0:02:06]} 15. Nxh6+ {[%emt 0:02:47]} Kf8 {[%emt 0:07:47]} 16. Nxf7 {[%emt 0:03:21]} Bg8 {[%emt 0:01:33]} 17. Qxf6 {[%emt 0:08:44]} Nc6 {[%emt 0:02:31]} 18. Nxe5+ {[%emt 0:02:39]} gxf6 {[%emt 0:00:47]} 19. Nxd7+ {[%emt 0:00:51]} Ke7 {[%emt 0:00:42]} 20. Nxc5 {[%emt 0:00:28]} Bxc4 {[%emt 0:00:49]} 21. dxc4 {[%emt 0:00:26]} dxc5 {[%emt 0:00:28]} 22. Bf4 {[%emt 0:00:26]} Rac8 {[%emt 0:00:44]} 23. Rad1 {[%emt 0:00:48]} Na5 {[%emt 0:00:44]} 24. Nf5+ {[%emt 0:00:35]} Kf8 {[%emt 0:01:07]} 25. b3 {[%emt 0:00:30]} b6 {[%emt 0:01:36]} 26. Rd7 {[%emt 0:00:31]} Nb7 {[%emt 0:01:51]} 27. Bh6+ {[%emt 0:00:42]} Kg8 {[%emt 0:00:29]} 28. Ne7+ {[%emt 0:00:35]} Kh7 {[%emt 0:00:54]} 29. Nxc8+ {[%emt 0:00:27]} Kxh6 {[%emt 0:00:22]} 30. Ne7 {[%emt 0:00:28]} Nd6 {[%emt 0:00:36]} 31. Rxc7 {[%emt 0:00:36]} 1-0

[Event "Balkan Youth Online-ch 2020"]
[Site "Online"]
[Date "2020.10.31"]
[Round "1.80"]
[White "Jovanovic, Anja"]
[Black "Lusheska, Elena"]
[Result "1-0"]
[WhiteElo "1778"]
[BlackElo "1086"]
[Annotator "NA RC"]
[PlyCount "37"]
[EventDate "2020.10.31"]
[EventType "swiss"]
[SourceTitle "playchess.com"]
[Source "ChessBase"]
[SourceQuality "1"]
[TimeControl "5400+30"]

1. e4 {[%emt 1:05:20]} c6 {[%emt 1:05:26]} 2. d4 {[%emt 0:00:23]} d5 {[%emt 0:00:25]} 3. exd5 {[%emt 0:00:22]} cxd5 {[%emt 0:00:22]} 4. Bd3 {[%emt 0:00:22]} e6 {[%emt 0:00:25]} 5. Nf3 {[%emt 0:00:23]} Nf6 {[%emt 0:00:23]} 6. O-O {[%emt 0:00:32]} Bd6 {[%emt 0:00:29]} 7. c3 {[%emt 0:00:26]} O-O {[%emt 0:00:57]} 8. Bg5 {[%emt 0:00:26]} Be7 {[%emt 0:00:29]} 9. Nbd2 {[%emt 0:00:40]} Nc6 {[%emt 0:00:30]} 10. Rc1 {[%emt 0:00:42]} Bd7 {[%emt 0:02:31]} 11. Ne5 {[%emt 0:03:35]} Rc8 {[%emt 0:04:20]} 12. Bb1 {[%emt 0:02:37]} g6 {[%emt 0:06:16]} 13. Bh6 {[%emt 0:01:24]} Re8 {[%emt 0:00:36]} 14. Ndf3 {[%emt 0:03:19]} Bf8 {[%emt 0:00:57]} 15. Qd2 {[%emt 0:01:18]} Na5 {[%emt 0:03:27]} 16. Bxf8 {[%emt 0:00:45]} Rxf8 {[%emt 0:00:29]} 17. Qh6 {[%emt 0:00:25]} Re8 {[%emt 0:03:37]} 18. Ng5 {[%emt 0:00:44]} Bb5 {[%emt 0:01:45]} 19. Ngxf7 {[%emt 0:02:13]} 1-0

[Event "Balkan Youth Online-ch 2020"]
[Site "Online"]
[Date "2020.10.31"]
[Round "1.82"]
[White "Sural, Ceren"]
[Black "Ciolacu, Alessia-Mihaela"]
[Result "0-1"]
[WhiteElo "1686"]
[BlackElo "2052"]
[Annotator "TA"]
[PlyCount "64"]
[EventDate "2020.10.31"]
[EventType "swiss"]
[SourceTitle "playchess.com"]
[Source "ChessBase"]
[SourceQuality "1"]

{[%evp 9,64,32,39,29,47,30,39,-19,-15,-120,-115,-121,-116,-121,-57,-90,-75,-84,-57,-50,-36,-60,-42,-68,0,-79,-84,-105,-78,-246,-224,-250,-226,-364,-377,-360,-354,-357,-346,-379,-383,-550,-545,-690,-715,-732,-729,-730,-516,-712,-574,-807,-831,-29989,-29990,-29992,-29993]} 1. e4 e5 2. Nf3 Nc6 3. Bc4 Nf6 4. d3 h6 5. c3 d6 6. h3 {C55: Two Knights: 4 d3, 4 d4 exd4 5 e5 and Max Lange Attack.} g6 7. Nbd2 Bg7 8. Nf1 (8. a4 $14) 8... O-O $11 {[#]} 9. g4 $146 {[#]} (9. Ng3 $11 {remains equal.}) ({Predecessor:} 9. Ne3 Na5 10. Bb5 a6 11. Ba4 b5 12. Bc2 c5 13. O-O Bb7 14. b4 Nc6 15. a3 cxb4 16. axb4 {0-1 (29) Hiermann,D (2250)-Ragger,M (2679) Playchess.com INT 2020}) 9... d5 $1 $17 {[%cal Rd5c4]} 10. exd5 Nxd5 11. Ng3 Be6 (11... Na5 $17 {Hoping for ...Nf4.} 12. Bb3 Nxb3 13. axb3 Nf4) 12. Bb3 Qe7 13. O-O Rad8 14. Re1 a6 15. Qe2 Rfe8 16. Bc2 Nf4 (16... Qd7 $15) 17. Qf1 (17. Bxf4 $1 $11 {keeps the balance.} exf4 18. Ne4) 17... h5 $36 {[%mdl 2048] Black is on the roll.} 18. Bxf4 exf4 19. Nh1 $2 {This move loses the game for White.} (19. Ne4 $17 {was forced.}) 19... hxg4 $19 20. hxg4 Qd7 21. Nh2 (21. Qg2 {is a better defense.}) 21... Bxg4 22. Nxg4 Qxg4+ 23. Qg2 Qh5 24. Qh2 Qf5 25. f3 (25. Qg2 $142) 25... Ne5 {[%mdl 64] [#] Double Attack} 26. Qf2 Qh5 27. Kg2 Bf8 28. Rad1 b6 29. b3 Be7 {And now ...Bh4 would win.} 30. Qe2 Bh4 31. Rg1 Ng4 32. Qd2 Ne3+ {Av CentiPawn Loss W=-92/B=-23. Weighted=-75/-26} 0-1

[Event "Balkan Youth Online-ch 2020"]
[Site "Online"]
[Date "2020.10.31"]
[Round "1.83"]
[White "Lehaci, Miruna-Daria"]
[Black "Karavitaki, Evaggelia"]
[Result "1-0"]
[WhiteElo "2223"]
[BlackElo "1725"]
[Annotator "TA"]
[PlyCount "53"]
[EventDate "2020.10.31"]
[EventType "swiss"]
[SourceTitle "playchess.com"]
[Source "ChessBase"]
[SourceQuality "1"]

{[%evp 12,53,38,9,57,86,76,50,41,44,52,0,0,-8,-4,-77,-86,-64,-57,-126,-120,-127,-100,-176,-120,-102,-49,-43,-45,-47,0,0,-20,-74,-17,-5,4,10,214,217,211,233,545,551]} 1. e4 c5 2. Nf3 e6 3. d4 cxd4 4. Nxd4 a6 5. Bd3 Nf6 6. O-O Qc7 {6...Qc7 has lost popularity.} 7. Nd2 b5 {B42: Sicilian: Kan Variation: 5 Bd3.} 8. a4 b4 9. a5 Bb7 {White is slightly better.} 10. Qe2 d6 11. Kh1 (11. Re1 $14) 11... Nbd7 12. f4 Be7 {[#]} 13. f5 $146 (13. N4b3 $11) ({Predecessor:} 13. Rf3 Nc5 14. Re3 O-O 15. N2b3 Rfc8 16. Bd2 e5 17. Nf5 exf4 18. Rh3 Bf8 19. Bxf4 Ncxe4 {1-0 (34) Quaschner,T (1999)-Bildt,M (1885) Mittelfranken 2010}) 13... e5 $17 14. N4b3 O-O 15. Nf3 (15. Re1 $15) 15... d5 16. exd5 Nxd5 17. Bd2 (17. Nfd2 $17) 17... Bd6 (17... N5f6 $19 {...e4 is the strong threat.} 18. Ng5 h6) 18. Ng5 N7f6 (18... N5f6 $17 {Hoping for ...e4.} 19. Rae1 Bd5) 19. Ne4 $15 Nxe4 20. Bxe4 Nf6 21. Bxb7 Qxb7 22. Rae1 (22. Bg5 $11 {keeps the balance.}) 22... Rfe8 (22... Rac8 $17 23. Bg5 Be7) 23. Bg5 $11 Qe7 24. Nd2 {Threatens to win with Ne4.} h6 $2 {[#]} (24... e4 $1 $11) 25. Bxf6 $1 $18 Qxf6 26. Ne4 Qd8 $2 (26... Qe7 {is more resistant.} 27. Rd1 Red8) 27. Rd1 {Av CentiPawn Loss W=-13/B=-38. Weighted=-9/-34} 1-0